1339 1793 1950 1799 1521 1923 1058 1842 1831 1090 1522 1355 1254 1552 1896 1476 1295 1339 1972 1539 1612 1342 1424 1908 1002 1250 1510 1917 1930 1084 1399 1060 1831 1939 1537 1295 1940 1819 1821 1620 1725 1348 1475 1998 1732 1229 1644 1827 1688 1276 1243 1373 1208 1547 1918 1852 1036 1877 1464 1915 1957 1328 1433 1074 1920 1346 1922 1345 1911 1157 1058 1471 1209 1606 1221 1870 1664 1778 1351 1218 1202 1433 1283 1252 1671 1022 1420 1825 1841 1303 1951 1239 1370 1713 1869 1993 1495 1194 1204 BCNSPRNW ULIB Ver.6.0+V

เปลี่ยนเป็นภาษาไทย

Change to English
 แสดงรายละเอียดบรรณานุกรม
  กลับหน้าหลัก

Brief Record : Get Marc (ISO 2709) : E-mail record : QR code < ปิดหน้าต่าง
LEADER : 00000nam 2200000uu 4500
001    13399120088
003     ULIB
008    120830sมปป.||||th 000 0 tha d
020    ^a9786167123370
090    ^aนว.^bภ121ส
100    ^aภคิน
245    ^aสูตรหวาน จานรัก/^cภคิน
260    ^aกรุงเทพฯ :^bกรีนมายด์,^cม.ป.ป.
300    ^a359 หน้า
945    ^p0^l0^i17070
995    ^aทศพร
999    ^aทศพร เกษรทอง
รายการนี้ยังไม่มีแท็ก
คุณยังไม่ได้ล็อกอิน คุณสามารถมีกิจกรรมร่วมกับเว็บไซต์ได้ แต่ต้องล็อกอินก่อน ::
  ล็อกอิน

รายการสื่อสารสนเทศ

ลำดับที่ ประเภท เลขเรียก/บาร์โค้ด สถานที่ สถานะ
1. นวนิยาย
นวนิยาย
นว. ภ121ส ฉ.1 
  Barcode: 17070
ห้องสมุดวิทยาเขตสวรรค์ประชารักษ์
►นวนิยาย
บนชั้น
  ขอยืม

รายการใกล้เคียง
    ผู้แต่ง [ภคิน]

BibComment


ยังไม่เคยถูกคอมเมนท์

คอมเมนท์ทรัพยากรรายการนี้
  คอมเมนท์: สูตรหวาน จานรัก ..


 Copyright 2026. Bcnsprnw @Library